000 00310 a2200109 4500
001 ART_23951
005 20260410161933.0
008 260409a
245 1 0 _aCrecimiento económico y sus recursos
100 1 _aCottely, Esteban
773 0 _tInforme
_g- Año X, Nº 51 (sep. 1978)
_wREV23765
999 _c28753
_d28753